Farming and forestry improvement scheme (FFIS) (Record no. 112958)
[ view plain ]
| 000 -LEADER | |
|---|---|
| fixed length control field | 01382cad a22001935a 4500 |
| 001 - CONTROL NUMBER | |
| control field | L154377 |
| 008 - FIXED-LENGTH DATA ELEMENTS--GENERAL INFORMATION | |
| fixed length control field | 111122s2011 xxk f 000 0 eng d |
| 035 ## - SYSTEM CONTROL NUMBER | |
| System control number | (Sirsi) u154377 |
| 041 0# - LANGUAGE CODE | |
| Language code of text/sound track or separate title | eng |
| 110 2# - MAIN ENTRY--CORPORATE NAME | |
| Corporate name or jurisdiction name as entry element | United Kingdom |
| Subordinate unit | Department for Environment, Food and Rural Affairs |
| 245 00 - TITLE STATEMENT | |
| Title | Farming and forestry improvement scheme (FFIS) |
| Remainder of title | applicant handbook, round one |
| Medium | [electronic resource] |
| 260 ## - PUBLICATION, DISTRIBUTION, ETC. | |
| Place of publication, distribution, etc. | [S.l.] |
| Name of publisher, distributor, etc. | DEFRA |
| Date of publication, distribution, etc. | 2011 |
| 520 ## - SUMMARY, ETC. | |
| Summary, etc. | Farm and Forestry Improvement Scheme (FFIS) aims to help farmers, foresters and horticultural businesses in England to increase profits and reduce their impact on the environment. Horticulturalists, woodland owners, farmers, foresters and contractors across England are eligible to apply for grants to invest in green projects and new machinery so their business can grow in an environmentally friendly way. To qualify for funding the projects must fall within one of the following key areas of activity; nutrient management, energy efficiency, water resource management, forestry and animal health and welfare. The 1st round of the scheme is open from 16 November 2011 until 17 January 2012. |
| 590 ## - LOCAL NOTE (RLIN) | |
| Local note | KA |
| 651 #4 - SUBJECT ADDED ENTRY--GEOGRAPHIC NAME | |
| Geographic name | England |
| Chronological subdivision | 886- |
| 690 ## - LOCAL SUBJECT ADDED ENTRY--TOPICAL TERM (OCLC, RLIN) | |
| Topical term or geographic name as entry element | Environment |
| 9 (RLIN) | 6238 |
| 856 40 - ELECTRONIC LOCATION AND ACCESS | |
| Uniform Resource Identifier | <a href="https://www.defra.gov.uk/publications/files/PB13678-rdpe-ffis-applicanthandbook.pdf">https://www.defra.gov.uk/publications/files/PB13678-rdpe-ffis-applicanthandbook.pdf</a> |
| Public note | View the handbook free of charge at www.defra.gov.uk |
| 942 ## - ADDED ENTRY ELEMENTS (KOHA) | |
| Suppress in OPAC | 0 |
| Withdrawn status | Lost status | Source of classification or shelving scheme | Damaged status | Not for loan | Home library | Current library | Shelving location | Date acquired | Total Checkouts | Full call number | Barcode | Date last seen | Copy number | Price effective from | Koha item type |
|---|---|---|---|---|---|---|---|---|---|---|---|---|---|---|---|
| Dewey Decimal Classification | Virtual | Virtual | Online | 22/11/2011 | ONLINE PUBLICATION | 154377-2001 | 06/08/2019 | 1 | 06/08/2019 | Book |